| 000 | 00840nam a2200217 i 4500 | ||
|---|---|---|---|
| 001 | 157171 | ||
| 003 | ES-MaACL | ||
| 005 | 20230906210615.0 | ||
| 008 | 040809s1608 it |||| | gre d | ||
| 040 |
_aCAM _bspa _cCAM |
||
| 100 | 1 |
_aLascaris, Constantino. _970423 |
|
| 245 | 1 | 0 |
_aEpitom¯e t¯on okto toy logoy meron _b: biblion deyteron ... / _cKonstantinoy Laskareos... |
| 260 |
_aRomae : _bapud Bartholomaeum Zannettum, _c1608. |
||
| 300 |
_a95 p. ; _c8º. |
||
| 500 | _aTraducción del título: Epítome de las ocho partes de la oración. | ||
| 594 | _aTexto en griego. | ||
| 596 | _aMarca tip. en port. | ||
| 597 | _aSign.: a-f8. | ||
| 650 | 0 | 4 |
_aLengua griega- _xGramática. _914245 |
| 852 |
_aES-MaACL _jR-929(2) _z-- Enc. perg. con cierres _z-- Ded. ms. de cayo Ortega Mayor a la biblioteca del Ateneo _x Olim: G-3954 |
||
| 999 |
_c157171 _d157171 |
||